| 000 | 00911nam a2200289 4500 | ||
|---|---|---|---|
| 003 | EG-GICUC | ||
| 005 | 20260412163756.0 | ||
| 008 | 260412s1943 it |||f |||| 00| 0 ita d | ||
| 040 |
_a EG-GICUC _bita _c EG-GICUC _d EG-GICUC _erda |
||
| 082 | 0 | 4 |
_a341.78 _bZ I . C _221 |
| 092 | 0 | 4 | _221 |
| 099 | _aLaw1 11 341.78 Z I . C 1943 | ||
| 100 | 1 |
_aZiccardi Piero _eAuthor. |
|
| 245 | 3 |
_aLa Costituzione Dell'Ordinamento Internazionale / _cdi Piero Ziccardi. |
|
| 264 |
_aMilano: _bDott. A. Giuffré, _c1943. |
||
| 300 |
_a450 Pages ; _c24 Cm. |
||
| 336 |
_2rda content _atext |
||
| 337 |
_2rda media _aComputer |
||
| 338 |
_2rda carrier _aOnline Resource |
||
| 490 | _aStudi Di Diritto Internazionale | ||
| 546 | _a Text in Italian | ||
| 650 | 1 | 4 | _a Droit international public |
| 651 | 1 | _2qrmak | |
| 856 | 4 | 0 | _uhttps://fll.law.cu.edu.eg/fulltext/bks/B11-07443.pdf |
| 905 | _a64 | ||
| 942 |
_2ddc _cBK _e21 _n0 |
||
| 999 |
_c70312 _d70312 |
||